Nguyễn Du toàn tập : Thơ Quốc âm . t. I /

Saved in:
Bibliographic Details
Main Author: Nguyễn Du
Format: Book (Paper)
Language:Vietnamese
Published: California : Bách Việt , 1996
Tags: Add Tag
No Tags, Be the first to tag this record!
Institutions: Thư viện Trường Đại học Đà Lạt
LEADER 00602nam a2200253 4500
001 DLU020013727
005 ##6/19/2000
020 # # |a 978- 
041 # # |a vie 
082 # # |a 895.922 1  |b NG-D 
090 # # |a 895.922 1  |b NG-D 
100 # # |a Nguyễn Du 
245 # # |a Nguyễn Du toàn tập :  |b Thơ Quốc âm .  |n t. I /  |c Nguyễn Du 
260 # # |a California :  |b Bách Việt ,  |c 1996 
300 # # |a 659 tr.;   |c 22 cm. 
992 # # |a 220000 
994 # # |a DLU 
900 # # |a False 
911 # # |a Administrator 
925 # # |a G 
926 # # |a A 
927 # # |a SH 
980 # # |a Thư viện Trường Đại học Đà Lạt